000 00421nam a2200145Ia 4500
008 231129s2010||||xx |||||||||||||| ||spa||
020 _a978-958-9937-0-5
040 _bspa
082 _a398.0986137 F663f
100 _aPatronato Colombiano de Artes y Ciencias
245 0 _aFolclor colombiano: Departamento de Boyacá
260 _c2010
264 _aEl Patronato
942 _2ddc
_cBKS
999 _c14073
_d14073